ბათუმის შოთა რუსთაველის სახელმწიფო უნივერსიტეტის ბიბლიოთეკა

მეფე ანრი IV სიჭაბუკე : (ბიბ.ჩანაწერი № 56042)

000 -ლიდერი
ფიქსირებული სიგრძის საკონტროლო ველი 01293nam a2200265Ia 4500
001 - საკონტროლო ნომერი
საკონტროლო ველი 23142
003 - საკონტროლო ნომრის იდენტიფიკატორი
საკონტროლო ველი GE_BSU
005 - ბოლო ოპერაციის თარიღი და დრო
საკონტროლო ველი 20230717120611.0
008 - ფიქსირებული სიგრძის მონაცემთა ელემენტები - ზოგადი ინფორმაცია
ფიქსირებული სიგრძის საკონტროლო ველი 181216s1966||||ge |||||||||||||| ||geo||
040 ## - კატალოგიზაციის წყარო
Transcribing agency GE_BSU
041 ## - ენის კოდი
Language code of text/sound track or separate title geo
080 ## - უნივერსალური ათობითი კლასიფიკაციის ინდექსი
Universal Decimal Classification number 821.112.2-31 მ-27
100 ## - მთავარი ჩანაწერი - პიროვნების სახელი
Personal name მანი, ჰაინრიხ
9 (RLIN) 19373
245 ## - ცნობა სათაურის შესახებ
Title მეფე ანრი IV სიჭაბუკე :
Remainder of title რომანი /
Statement of responsibility, etc ჰაინრიხ მანი ; თარგმ. გერმანულიდან ვახტანგ ბეწუკელისა.
264 ## - წარმოების, გამოცემის, დისტრიბუციის და სხვა ცნობები
გამოცემის, წარმოების, დისტრიბუციის... ადგილი თბილისი :
გამოცემის, წარმოების, დისტრიბუციის... სახელწოდება ლიტერატურა და ხელოვნება,
გამოცემის, წარმოების, დისტრიბუციის... თარიღი 1966.
300 ## - ფიზიკური აღწერა
Extent 630 გვ. :
Other physical details ილ. ;
Dimensions 22 სმ..
490 ## - სერიის ცნობა
Series statement უცხოეთის თანამედროვე რომანი
500 ## - ზოგადი შენიშვნა
General note პარალელური თავფურცელი გერმანულ ენაზე
520 ## - SUMMARY, ETC.
Summary, etc პარალელ. თავფურც. გერმ. ენაზე.
653 ## - INDEX TERM--UNCONTROLLED
Uncontrolled term მეფე ანრი IV სიჭაბუკე
653 ## - INDEX TERM--UNCONTROLLED
Uncontrolled term რომანი
700 ## - ADDED ENTRY--PERSONAL NAME
Personal name ბეწუკელი, ვახტანგ
Relator term მთარგმნელი
9 (RLIN) 19374
942 ## - ADDED ENTRY ELEMENTS (KOHA)
Koha item type წიგნი
Source of classification or shelving scheme
ეგზემპლარები
ჩამოწერის სტატუსი დაკარგული ეგზემპლარის სტატუსი კლასიფიკაციის წყარო ან თაროზე გაწყობის სქემა დაზიანების სტატუსი არ გაიცემა მუდმივი მდებარეობა (დაცვის ადგილი) ამჟამინდელი ადგილსამყოფელი თაროზე განთავსების ადგილი შეძენის თარიღი ღირებულება, შესყიდვის ნორმალური ფასი სრული შენახვის შიფრი შტრიხკოდი ბოლო ოპერაციის თარიღი ეგზემპლარის მიმდევრობითი ნომერი (კეტერი?) ფასის ძალაში შესვლის თარიღი ეგზემპლარის სახეობა საჯარო შენიშვნა
          ბათუმის შოთა რუსთაველის სახელმწიფო უნივერსიტეტის მთავარი ბიბლიოთეკა ბათუმის შოთა რუსთაველის სახელმწიფო უნივერსიტეტის მთავარი ბიბლიოთეკა წიგნსაცავი 2018-12-17 3.72 821.112.2-31 მ-27 58582 2018-12-17 58582 2018-12-17 წიგნი 3.72 ₾.